<?xml version="1.0" encoding="UTF-8"?><?xml-stylesheet type="text/xsl" href="static/style.xsl"?><OAI-PMH xmlns="http://www.openarchives.org/OAI/2.0/" xmlns:xsi="http://www.w3.org/2001/XMLSchema-instance" xsi:schemaLocation="http://www.openarchives.org/OAI/2.0/ http://www.openarchives.org/OAI/2.0/OAI-PMH.xsd"><responseDate>2026-04-18T11:53:56Z</responseDate><request verb="GetRecord" identifier="oai:riubu.ubu.es:10259/10406" metadataPrefix="marc">https://riubu.ubu.es/oai/request</request><GetRecord><record><header><identifier>oai:riubu.ubu.es:10259/10406</identifier><datestamp>2025-04-04T00:05:20Z</datestamp><setSpec>com_10259_4145</setSpec><setSpec>com_10259_5086</setSpec><setSpec>com_10259_2604</setSpec><setSpec>com_10259_7354</setSpec><setSpec>com_10259_7353</setSpec><setSpec>col_10259_7319</setSpec><setSpec>col_10259_7390</setSpec></header><metadata><record xmlns="http://www.loc.gov/MARC21/slim" xmlns:doc="http://www.lyncode.com/xoai" xmlns:xsi="http://www.w3.org/2001/XMLSchema-instance" xmlns:dcterms="http://purl.org/dc/terms/" xsi:schemaLocation="http://www.loc.gov/MARC21/slim http://www.loc.gov/standards/marcxml/schema/MARC21slim.xsd">
<leader>00925njm 22002777a 4500</leader>
<datafield tag="042" ind1=" " ind2=" ">
<subfield code="a">dc</subfield>
</datafield>
<datafield tag="720" ind1=" " ind2=" ">
<subfield code="a">Seoane, Eugenia</subfield>
<subfield code="e">author</subfield>
</datafield>
<datafield tag="720" ind1=" " ind2=" ">
<subfield code="a">Arriassecq, Irene</subfield>
<subfield code="e">author</subfield>
</datafield>
<datafield tag="720" ind1=" " ind2=" ">
<subfield code="a">Greca Dufranc, Ileana María</subfield>
<subfield code="e">author</subfield>
</datafield>
<datafield tag="720" ind1=" " ind2=" ">
<subfield code="a">Adúriz Bravo, Agustín</subfield>
<subfield code="e">author</subfield>
</datafield>
<datafield tag="260" ind1=" " ind2=" ">
<subfield code="c">2025-03-12</subfield>
</datafield>
<datafield tag="520" ind1=" " ind2=" ">
<subfield code="a">La creciente frecuencia, intensidad y duración de los fenómenos meteorológicos extremos, agravada por el cambio climático, exige ciudadanos críticos y proactivos que puedan protegerse y fomentar actitudes similares en la sociedad. Estos problemas socio-científicos requieren un enfoque interdisciplinario, considerando tanto aspectos científicos como sociales. La educación secundaria es clave para generar conciencia y preparación ante estos eventos. Para ello, en el marco del proyecto “La naturaleza de STEM para la formación ciudadana” se diseñó y validó en contextos reales de sala de aula una secuencia didáctica estructurada en seis bloques: fenómenos extremos, observación y predicción, modelización en ciencia y meteorología, pronósticos, sistemas complejos y nowcasting. Esta propuesta permite comprender la naturaleza de la ciencia y su ejemplificación con la meteorología, ofreciendo flexibilidad para su adaptación en distintos contextos educativos.</subfield>
</datafield>
<datafield tag="024" ind2=" " ind1="8">
<subfield code="a">978-84-18465-98-7</subfield>
</datafield>
<datafield tag="024" ind2=" " ind1="8">
<subfield code="a">http://hdl.handle.net/10259/10406</subfield>
</datafield>
<datafield tag="024" ind2=" " ind1="8">
<subfield code="a">10.36443/9788418465987</subfield>
</datafield>
<datafield ind1=" " ind2=" " tag="653">
<subfield code="a">Fenómenos meteorológicos extremos</subfield>
</datafield>
<datafield ind1=" " ind2=" " tag="653">
<subfield code="a">Asuntos sociocientíficos</subfield>
</datafield>
<datafield ind1=" " ind2=" " tag="653">
<subfield code="a">Naturaleza de STEM</subfield>
</datafield>
<datafield ind1=" " ind2=" " tag="653">
<subfield code="a">Modelización</subfield>
</datafield>
<datafield ind1=" " ind2=" " tag="653">
<subfield code="a">Educación secundaria</subfield>
</datafield>
<datafield ind1=" " ind2=" " tag="653">
<subfield code="a">Interdisciplinariedad</subfield>
</datafield>
<datafield tag="245" ind1="0" ind2="0">
<subfield code="a">Fenómenos meteorológicos (cada vez más) extremos. Una secuencia didáctica integrada para el nivel secundario</subfield>
</datafield>
</record></metadata></record></GetRecord></OAI-PMH>